<?xml version="1.0" encoding="UTF-8"?>
<record
    xmlns:xsi="http://www.w3.org/2001/XMLSchema-instance"
    xsi:schemaLocation="http://www.loc.gov/MARC21/slim http://www.loc.gov/standards/marcxml/schema/MARC21slim.xsd"
    xmlns="http://www.loc.gov/MARC21/slim">

  <leader>00620nam a22001337a 4500</leader>
  <datafield tag="020" ind1=" " ind2=" ">
    <subfield code="a">1863201793</subfield>
  </datafield>
  <datafield tag="040" ind1=" " ind2=" ">
    <subfield code="c">DLC</subfield>
  </datafield>
  <datafield tag="082" ind1=" " ind2=" ">
    <subfield code="a"> 633 CHA 1996 C283 Or.</subfield>
  </datafield>
  <datafield tag="100" ind1=" " ind2=" ">
    <subfield code="a">B. R. Champ, E. Highley, G. I. Johnson, Group for Assistance on Systems Relating to Grain after Harvest</subfield>
  </datafield>
  <datafield tag="245" ind1=" " ind2=" ">
    <subfield code="a"> Grain drying in Asia : </subfield>
    <subfield code="b">proceedings of an international conference held at the FAO Regional Office for Asia and the Pacific, Bangkok, Thailand, 17-20 October 1995</subfield>
  </datafield>
  <datafield tag="260" ind1=" " ind2=" ">
    <subfield code="b">Australian Centre for International Agricultural Research Canberra,</subfield>
    <subfield code="c">1966 </subfield>
  </datafield>
  <datafield tag="300" ind1=" " ind2=" ">
    <subfield code="a">410 pages :</subfield>
    <subfield code="b">illustrations (some color) ;</subfield>
    <subfield code="c">24 cm</subfield>
  </datafield>
  <datafield tag="942" ind1=" " ind2=" ">
    <subfield code="c">AEDBB</subfield>
  </datafield>
  <datafield tag="999" ind1=" " ind2=" ">
    <subfield code="c">22451</subfield>
    <subfield code="d">22451</subfield>
  </datafield>
  <datafield tag="952" ind1=" " ind2=" ">
    <subfield code="0">0</subfield>
    <subfield code="1">0</subfield>
    <subfield code="4">0</subfield>
    <subfield code="6">633_000000000000000_CHA_1996_C283_OR</subfield>
    <subfield code="7">0</subfield>
    <subfield code="9">96824</subfield>
    <subfield code="a">LBC</subfield>
    <subfield code="b">LBC</subfield>
    <subfield code="c">C283</subfield>
    <subfield code="d">2023-12-29</subfield>
    <subfield code="o">633 CHA 1996 C283 Or.</subfield>
    <subfield code="p">a21523</subfield>
    <subfield code="r">2023-12-29</subfield>
    <subfield code="w">2023-12-29</subfield>
    <subfield code="y">AEDBB</subfield>
  </datafield>
</record>
